| 000 | 00000nas 2200000za 4500 |
| 001 | 9.855293 |
| 003 | CaOODSP |
| 005 | 20250403110048 |
| 007 | cr ||||||||||| |
| 008 | 180416d19841986oncqr p oss f0###b0fre|d |
| 022 | |y0829-657X|y0317-3135 |
| 040 | |aCaOODSP|bfre |
| 041 | |aeng|afre |
| 043 | |an-cn--- |
| 086 | 1 |aCS84-001-PDF |
| 245 | 00|aVital statistics quarterly |h[ressource électronique] / |cStatistics Canada = Statistique de l'état civil trimestriel / Statistique Canada. |
| 246 | 11|aStatistique de l'état civil trimestriel |
| 260 | |a[Ottawa] : |bStatistics Canada = Statistique Canada, |c1984-1987. |
| 310 | |aTrimestriel |
| 362 | 0 |aVol. 32, no. 1 (janv./mars 1984)-v. 34, no. 4 (oct/déc. 1986). |
| 500 | |aÉdition numérisée de l’imprimé [par Statistique Canada]. |
| 546 | |aTexte en anglais et en français. |
| 580 | |aFusionné avec : Quarterly estimates of population for Canada, the provinces and the territories; et devient: Quarterly demographic statistics. |
| 692 | 07|2gccst|aNaissance |
| 692 | 07|2gccst|aMariage |
| 692 | 07|2gccst|aMort |
| 710 | 2 |aStatistique Canada. |
| 780 | 00|tVital statistics |w(CaOODSP)9.854185 |
| 791 | |tVital statistics quarterly |eeng|w(CaOODSP)9.855291 |